[Event "Barcelona Sant Marti op-B 21st"]
[Site "Barcelona"]
[Date "2019.07.16"]
[Round "4"]
[White "Chen, Siyuan"]
[Black "Hinarejos Montano, Andres"]
[Result "1-0"]
[WhiteElo "1284"]
[BlackElo "1605"]
[PlyCount "87"]
[EventDate "2019.07.13"]
[EventType "swiss"]
[EventRounds "9"]
[EventCountry "ESP"]
[SourceTitle "EXT 2020"]
[Source "ChessBase"]
[SourceDate "2019.10.17"]
[SourceVersion "1"]
[SourceVersionDate "2019.10.17"]
[SourceQuality "1"]

1. e4 e5 2. Nf3 d6 3. Bc4 Be7 4. c3 Nf6 5. d3 h6 6. h3 0-0 7. 0-0 Nc6 8. Be3 Na5 9. Bb5 c6 10. Ba4 b5 11. Bc2 Be6 12. Nbd2 Nb7 13. d4 Qc7 14. Qe2 Na5 15. Rfe1 Nc4 16. Nxc4 Bxc4 17. Bd3 Bxd3 18. Qxd3 a6 19. Rad1 Rad8 20. Qc2 Rd7 21. dxe5 dxe5 22. Rxd7 Nxd7 23. Rd1 Rd8 24. c4 b4 25. b3 c5 26. Rd5 f6 27. Nh4 Nb6 28. Rd2 Rxd2 29. Qxd2 Qd7 30. Nf5 Bf8 31. f3 Qxd2 32. Bxd2 Kh7 33. Kf2 g6 34. Ne3 Kg7 35. Nd5 Nxd5 36. cxd5 Kf7 37. Ke3 h5 38. Kd3 f5 39. Be3 Kf6 40. Kc4 g5 41. Bxc5 Bxc5 42. Kxc5 g4 43. d6 fxe4 44. fxe4 1-0

[Event "Barcelona Sant Marti op-B 21st"]
[Site "Barcelona"]
[Date "2019.07.15"]
[Round "3"]
[White "Romero Funieles, Rafael de Jesus"]
[Black "Chen, Siyuan"]
[Result "1/2-1/2"]
[WhiteElo "1778"]
[BlackElo "1284"]
[PlyCount "186"]
[EventDate "2019.07.13"]
[EventType "swiss"]
[EventRounds "9"]
[EventCountry "ESP"]
[SourceTitle "EXT 2020"]
[Source "ChessBase"]
[SourceDate "2019.10.17"]
[SourceVersion "1"]
[SourceVersionDate "2019.10.17"]
[SourceQuality "1"]

1. e4 e5 2. Nf3 Nc6 3. Bc4 Be7 4. d4 exd4 5. Nxd4 d6 6. Nxc6 bxc6 7. Qf3 Nf6 8. 0-0 0-0 9. Nc3 Be6 10. Bd3 d5 11. exd5 cxd5 12. Bg5 h6 13. Bf4 Bd6 14. Nb5 Bxf4 15. Qxf4 c5 16. Rad1 Qb6 17. a4 c4 18. Be2 Rfd8 19. b3 a6 20. Nd4 cxb3 21. cxb3 Ne4 22. a5 Qd6 23. Qe3 Rac8 24. Nxe6 Qxe6 25. Rc1 Rc6 26. h3 Rdc8 27. Rxc6 Rxc6 28. b4 Qf6 29. Qa7 Qd6 30. Qa8+ Kh7 31. Bd3 g6 32. Qe8 Qe6 33. Qb8 Rc3 34. Bxe4 dxe4 35. Qb7 Rb3 36. Re1 Qc4 37. Rxe4 Rb1+ 38. Kh2 Qa2 39. Re7 Kg7 40. Qf3 Qc4 41. Qe4 Rxb4 42. Qe5+ Kh7 43. g3 Rb5 44. Qe3 Rxa5 45. Qa7 Rf5 46. h4 Qa2 47. Kg2 Qd5+ 48. Kg1 a5 49. Qe3 a4 50. Re8 Qc5 51. Qd2 a3 52. Re3 Qa5 53. Qa2 Qb4 54. Rxa3 Qe1+ 55. Kg2 Qe4+ 56. f3 Qc6 57. g4 Rf6 58. Qb2 Rf4 59. Kg3 Qd6 60. Kh3 Qd1 61. Kg3 Rd4 62. Ra1 Qd2 63. Qxd2 Rxd2 64. Ra7 Kg7 65. Kf4 Rd5 66. Ke4 Rb5 67. Rd7 Kf6 68. f4 Ke6 69. Rd8 f5+ 70. gxf5+ gxf5+ 71. Kf3 Kf6 72. h5 Rb3+ 73. Kg2 Rb4 74. Rd6+ Kg7 75. Rg6+ Kh7 76. Kf3 Rb3+ 77. Ke2 Rh3 78. Rg1 Rxh5 79. Ke3 Rh4 80. Rf1 Rg4 81. Kd4 h5 82. Ke5 Kg6 83. Rc1 h4 84. Rc6+ Kh5 85. Kxf5 h3 86. Rc1 h2 87. Rh1 Rg2 88. Ke6 Rf2 89. f5 Kg4 90. f6 Kg3 91. f7 Kg2 92. Rxh2+ Kxh2 93. Ke7 Rxf7+ 1/2-1/2